Online Catalogue and eLibrary

Citizen and subject : (Record no. 425)

MARC details
000 -LEADER
fixed length control field 00503nam a22001697a 4500
005 - DATE AND TIME OF LATEST TRANSACTION
control field 20240219023048.0
008 - FIXED-LENGTH DATA ELEMENTS--GENERAL INFORMATION
fixed length control field 240219b |||||||| |||| 00| 0 eng d
020 ## - INTERNATIONAL STANDARD BOOK NUMBER
ISBN 0195643321
082 ## - DDC Classification
DDC Edition Number 22
Class No. 320.
Item Number - Author Mark CIT.
100 ## - MAIN ENTRY--PERSONAL NAME
Personal name Mamdani, Mahmood.
245 ## - TITLE STATEMENT
Title Citizen and subject :
Remainder of title Decentralized Despotism and the legacy of late colonialism /
Statement of responsibility, etc. Mahmood, Mamdani.
250 ## - EDITION STATEMENT
Edition statement 1st.
260 ## - PUBLICATION, DISTRIBUTION, ETC.
Place of publication, distribution, etc. New Delhi :
Name of publisher, distributor, etc. oxford university press /
Date of publication, distribution, etc. 1997.
300 ## - PHYSICAL DESCRIPTION
Extent (e.g. Volumes, Pages etc.) xii, 353 p.,
650 ## - SUBJECT ADDED ENTRY--TOPICAL TERM
Topical term or geographic name entry element politics.
942 ## - Koha item type (Biblio)
Koha item type Books in Stacks (Lending)

No items available.

© WERC Library